00271nam a2200109Ia 4500008004100000041000800041100002400049245001400073260003500087300000800122700003100130250110s9999 xx 000 0 und d aeng aChaudhari Abhilasha aMultiplex bFinal Year B. Arch, BNCAc2014 a81p aGuide Name:Anagal Vaishali